000
00441nam a2200169Ia 4500
008
100917s9999 xx 000 0 und d
082
_b
14786
100
_a
मित्र का. र.
245
_a
मृणालिनी
260
_b
---
_c
1905
365
_b
0
520
_a
कादंबरी
630
_a
मृणालिनी
650
_a
कादंबरी
730
_a
मृणालिनी
942
_c
BOOK
999
_c
620180
_d
620177